00281nam a2200109Ia 4500008004100000041000800041082001600049100001900065245004500084260003100129300001100160230718s1998 xx 000 0 und d aeng a621.381'952 aPARKER ROGER C aMICROSOFT OFFICE FOR WINDOWS FOR DUMMIES bComden Computer Pub.c1998 a362+24